Rozvíjející se trhy a globální růst

Nebývalý rast globálnej ekonomiky na začiatku 90. rokov minulého storočia. Na akých základoch je tento rast postavený. Problém finančnej krízy a následného zadlženia rozvinutých ekonomík. Tri možnosti zníženia dlhov. Rozvíjajúce sa trhy (emerging markets) a globálne ochladzovanie ekonomiky. Dlh rozv...

Descrizione completa

Salvato in:
Dettagli Bibliografici
Autore principale: Zajíc, Petr
Natura: Capitolo di libro
Lingua:ceco
Soggetti:
Tags: Aggiungi Tag
Nessun Tag, puoi essere il primo ad aggiungerne!!

MARC

LEADER 00000naa a2200000 4500
001 0157824
005 20231211073533.2
041 0 |a cze 
044 |a CZ 
245 1 0 |a Rozvíjející se trhy a globální růst  |c Petr Zajíc 
520 |a Nebývalý rast globálnej ekonomiky na začiatku 90. rokov minulého storočia. Na akých základoch je tento rast postavený. Problém finančnej krízy a následného zadlženia rozvinutých ekonomík. Tri možnosti zníženia dlhov. Rozvíjajúce sa trhy (emerging markets) a globálne ochladzovanie ekonomiky. Dlh rozvíjajúcich sa ekonomík podstatne nižší než dlh rozvinutých ekonomík. Atraktivita rozvíjajúcich sa trhov v zodpovednejšej dlhovej, rozpočtovej a sociálnej politike. 
610 2 0 |a rast hospodársky 
610 2 0 |a krajiny vyspelé 
610 2 0 |a produkt domáci hrubý 
610 2 0 |a politika sociálna 
610 2 0 |a politika rozpočtová 
610 2 0 |a zadlženosť 
610 2 0 |a kríza finančná 
610 2 0 |a globalizácia 
610 2 0 |a svet 
100 1 |a Zajíc, Petr